| 000 | 00472nam a22001937a 4500 | ||
|---|---|---|---|
| 003 | 0 | ||
| 005 | 20220114142127.0 | ||
| 008 | 0 | ||
| 020 | _a9710344145 | ||
| 040 | _c0 | ||
| 050 |
_aTX765 _b.S511 2004 |
||
| 100 | _aSevilla,Pixie R. | ||
| 245 |
_aGetting ready to bake; _cPexie R. Sevilla |
||
| 260 |
_aQuezon City: _bAmos Books Incorporation; _cc2004. |
||
| 300 |
_a180pages: _bwit Illustration; _c26 cm. |
||
| 504 | _aInclude index | ||
| 650 | _aBaking | ||
| 942 |
_2lcc _cF |
||
| 999 |
_c2398 _d2398 |
||